000 00900cam a2200205 4500
001 WB3712-07
008 000000n2001 000 0 eng u
035 _a(Sirsi) u111527
245 _aIncrease in matched funding for HIAs
260 _c2001
490 _aDETR News Release
_v(140) 15 March 2001, (6)
520 _aThe Housing Minister has announced that the DETR is to make £8.5m in match funding available to local authorities each year for the next three years to help support the running costs of Home Improvement Agencies. HIAs provide assistance to the elderly, disabled and those on low incomes who wish to undertake repairs and improvements in their homes.
590 _aWB
650 _aGOVERNMENT FUNDING
650 _aGRANTS
650 _aHOME IMPROVEMENT AGENCIES
650 _aHOME IMPROVEMENTS
690 _aBUILDING AND CONSTRUCTION-REPAIRS AND MAINTENANCE
942 _n0
999 _c66463
_d66463